000 00597nam a2200241Ia 4500
003 OSt
005 20220924132946.0
006 a|||||r|||| 00| 0
007 ta
008 220923b |||||||| |||| 00| 0 mal d
024 _a254612
037 _cTextual
040 _aARTS
_cARTS
_bmal
041 _2mal
_amal
082 _aP32, J5
100 _aRaja Raja Verma
_9205376
245 0 _aKerala panineeyam
260 _c1955
650 _a MALAYALAM LITERATURE
_938866
650 _aLINGUISTICS
942 _hP32, J5
_cTEXL
_2CC
999 _c432157
_d432157